[Event "Third Saturday IM 2023.05"]
[Site "Djenovici MNE"]
[Date "2023.05.22"]
[Round "3.5"]
[White "Smirnov, Artem"]
[Black "Ivanov, Mike"]
[Result "1/2-1/2"]
[WhiteElo "2414"]
[BlackElo "2321"]
[WhiteFideId "-1"]
[WhiteFideId "-1"]
[PlyCount "63"]
[GameId "2130307560055233"]
[EventDate "2023.05.20"]
[EventType "tourn"]
[EventRounds "9"]
[EventCountry "YUG"]
[EventCategory "1"]
[SourceTitle "10 Days #724"]
[Source "ChessMix"]
[SourceDate "2023.06.01"]
[SourceVersion "1"]
[SourceVersionDate "2023.06.01"]
[SourceQuality "1"]

1. d4 Nf6 2. c4 d6 3. Nf3 Bf5 4. Nc3 g6 5. h3 Bg7 6. g4 Bd7 7. e4 e5 8. d5 c6 9. Be3 O-O 10. Be2 Na6 11. Nd2 Nc7 12. b4 b5 13. g5 Nh5 14. Bxh5 gxh5 15. Rc1 bxc4 16. Nxc4 cxd5 17. exd5 Nb5 18. Ne4 Bf5 19. Qf3 Bg6 20. O-O f5 21. gxf6 Bxf6 22. Nxf6+ Rxf6 23. Qg3 Qd7 24. f4 exf4 25. Rxf4 Rxf4 26. Bxf4 Rc8 27. Na5 Rxc1+ 28. Bxc1 Nd4 29. Qe3 Nc2 30. Qc3 Qg7 31. Qxg7+ Kxg7 32. Nc6 1/2-1/2

[Event "Third Saturday IM 2023.05"]
[Site "Djenovici MNE"]
[Date "2023.05.23"]
[Round "4.1"]
[White "Pappelis, Dimitrios"]
[Black "Ivanov, Mike"]
[Result "0-1"]
[WhiteElo "2159"]
[BlackElo "2321"]
[WhiteFideId "-1"]
[WhiteFideId "-1"]
[PlyCount "58"]
[GameId "2130307560055234"]
[EventDate "2023.05.20"]
[EventType "tourn"]
[EventRounds "9"]
[EventCountry "YUG"]
[EventCategory "1"]
[SourceTitle "10 Days #724"]
[Source "ChessMix"]
[SourceDate "2023.06.01"]
[SourceVersion "1"]
[SourceVersionDate "2023.06.01"]
[SourceQuality "1"]

1. d4 Nf6 2. Nf3 e6 3. Bg5 Be7 4. Nbd2 h6 5. Bh4 c5 6. e3 b6 7. Bd3 Bb7 8. Bxf6 Bxf6 9. c3 Nc6 10. Qe2 Rb8 11. Rd1 Qc7 12. O-O O-O 13. Rfe1 g6 14. Ne4 Be7 15. h4 d5 16. Ng3 Bd6 17. Kh2 c4 18. Bb1 f5 19. Ng1 Qe7 20. Kh3 g5 21. Qh5 g4+ 22. Kh2 Qg7 23. f3 Ne7 24. e4 gxf3 25. e5 f4 26. Nxf3 fxg3+ 27. Kh3 Bc7 28. Re3 Nf5 29. Bxf5 Rxf5 0-1

[Event "Third Saturday IM 2023.05"]
[Site "Djenovici MNE"]
[Date "2023.05.24"]
[Round "5.5"]
[White "Ivanov, Mike"]
[Black "Sahin, Ozgun"]
[Result "1-0"]
[WhiteElo "2321"]
[BlackElo "2190"]
[WhiteFideId "-1"]
[WhiteFideId "-1"]
[PlyCount "52"]
[GameId "2130307560059339"]
[EventDate "2023.05.20"]
[EventType "tourn"]
[EventRounds "9"]
[EventCountry "YUG"]
[EventCategory "1"]
[SourceTitle "10 Days #724"]
[Source "ChessMix"]
[SourceDate "2023.06.01"]
[SourceVersion "1"]
[SourceVersionDate "2023.06.01"]
[SourceQuality "1"]

1. e4 g6 2. d4 Bg7 3. Nc3 d6 4. Be3 a6 5. Nf3 b5 6. h4 h6 7. e5 dxe5 8. Nxe5 Nf6 9. Qf3 c6 10. h5 g5 11. a4 b4 12. Ne4 Be6 13. Bd3 Bd5 14. O-O Nbd7 15. Rfe1 Nxe5 16. dxe5 Nd7 17. Bd4 Bxe5 18. Qe3 Bf4 19. Qe2 e5 20. Nd6+ Kf8 21. Be3 Qe7 22. Nf5 Qf6 23. Ng3 a5 24. c3 Rg8 25. cxb4 axb4 26. a5 g4 1-0

[Event "Third Saturday IM 2023.05"]
[Site "Djenovici MNE"]
[Date "2023.05.25"]
[Round "6.2"]
[White "Ulasevich, Sergei"]
[Black "Ivanov, Mike"]
[Result "1-0"]
[WhiteElo "2213"]
[BlackElo "2321"]
[WhiteFideId "-1"]
[WhiteFideId "-1"]
[PlyCount "73"]
[GameId "2130307560059341"]
[EventDate "2023.05.20"]
[EventType "tourn"]
[EventRounds "9"]
[EventCountry "YUG"]
[EventCategory "1"]
[SourceTitle "10 Days #724"]
[Source "ChessMix"]
[SourceDate "2023.06.01"]
[SourceVersion "1"]
[SourceVersionDate "2023.06.01"]
[SourceQuality "1"]

1. e4 e6 2. d4 d5 3. Nd2 h6 4. Ngf3 Nf6 5. e5 Nfd7 6. Bd3 c5 7. c3 Nc6 8. O-O g5 9. b3 g4 10. Ne1 cxd4 11. cxd4 Nxd4 12. Qxg4 Nc6 13. f4 Qb6+ 14. Kh1 Nc5 15. Ndf3 Ne4 16. Nc2 Bd7 17. Bxe4 dxe4 18. Nd2 Qa6 19. Ne3 h5 20. Qh3 O-O-O 21. Nxe4 Nd4 22. Bb2 Bc6 23. Ng5 Qe2 24. Bxd4 Rxd4 25. Rae1 Qd3 26. Nxf7 Rh7 27. Ng5 Bb4 28. Rd1 Bd2 29. Nxh7 Qxh7 30. Nc4 Qd7 31. Rxd2 Rxd2 32. Nxd2 Qxd2 33. Qxe6+ Bd7 34. Qd6 Qe2 35. Rd1 Qg4 36. h3 Qf5 37. Qxd7+ 1-0

[Event "Third Saturday IM 2023.05"]
[Site "Djenovici MNE"]
[Date "2023.05.26"]
[Round "7.4"]
[White "Ivanov, Mike"]
[Black "Kalenichenko, Alina"]
[Result "1-0"]
[WhiteElo "2321"]
[BlackElo "1950"]
[WhiteFideId "-1"]
[WhiteFideId "-1"]
[PlyCount "125"]
[GameId "2130307560059348"]
[EventDate "2023.05.20"]
[EventType "tourn"]
[EventRounds "9"]
[EventCountry "YUG"]
[EventCategory "1"]
[SourceTitle "10 Days #724"]
[Source "ChessMix"]
[SourceDate "2023.06.01"]
[SourceVersion "1"]
[SourceVersionDate "2023.06.01"]
[SourceQuality "1"]

1. e4 c6 2. Nf3 d5 3. Nc3 Bg4 4. d4 Nf6 5. h3 Bxf3 6. Qxf3 e6 7. Bd3 dxe4 8. Nxe4 Nxe4 9. Qxe4 Nd7 10. c3 Nf6 11. Qe2 Be7 12. Bd2 O-O 13. O-O-O c5 14. dxc5 Qa5 15. Kb1 Qxc5 16. c4 a6 17. Be3 Qa5 18. g4 Rfd8 19. g5 Nd7 20. f4 Bc5 21. Bc1 Nf8 22. Be4 Bd4 23. Bxb7 Rab8 24. Be4 Qb4 25. Rd2 Rd6 26. Rhd1 Rbd8 27. Rc2 a5 28. h4 a4 29. a3 Qb6 30. h5 g6 31. hxg6 hxg6 32. Rh1 Qc5 33. Bd2 Rb6 34. Bb4 Rxb4 35. axb4 Qxb4 36. c5 Bxc5 37. Qc4 Rd4 38. Qxc5 Qxc5 39. Rxc5 Rxe4 40. Rhc1 Rxf4 41. R1c4 Rf1+ 42. Ka2 Nd7 43. Rb5 Rd1 44. Rc8+ Kg7 45. Rd8 Rd3 46. Ra5 Nc5 47. Rxd3 Nxd3 48. Rxa4 f5 49. Rd4 Ne5 50. b4 Kf7 51. b5 Nf3 52. Rd1 Nxg5 53. b6 Ne4 54. b7 Nc3+ 55. Kb3 Nxd1 56. b8=Q Kf6 57. Qd8+ Ke5 58. Qxd1 g5 59. Qf3 Kf6 60. Kc4 g4 61. Qf4 Kg6 62. Kd4 Kh5 63. Ke5 1-0

[Event "Third Saturday IM 2023.05"]
[Site "Djenovici MNE"]
[Date "2023.05.27"]
[Round "8.3"]
[White "Langrock, Hannes"]
[Black "Ivanov, Mike"]
[Result "1/2-1/2"]
[WhiteElo "2366"]
[BlackElo "2321"]
[WhiteFideId "-1"]
[WhiteFideId "-1"]
[PlyCount "32"]
[GameId "2130307560059352"]
[EventDate "2023.05.20"]
[EventType "tourn"]
[EventRounds "9"]
[EventCountry "YUG"]
[EventCategory "1"]
[SourceTitle "10 Days #724"]
[Source "ChessMix"]
[SourceDate "2023.06.01"]
[SourceVersion "1"]
[SourceVersionDate "2023.06.01"]
[SourceQuality "1"]

1. d4 Nf6 2. Nf3 d6 3. g3 Bf5 4. Bg2 g6 5. b3 Bg7 6. Bb2 O-O 7. O-O Qc8 8. Nbd2 Bh3 9. e4 Bxg2 10. Kxg2 Nfd7 11. e5 dxe5 12. dxe5 Nc6 13. Qe2 b6 14. Qe4 Qb7 15. a3 Nc5 16. Qe3 Rad8 1/2-1/2

[Event "Third Saturday IM 2023.05"]
[Site "Djenovici MNE"]
[Date "2023.05.28"]
[Round "9.3"]
[White "Ivanov, Mike"]
[Black "Tomic, Aleksandar"]
[Result "1/2-1/2"]
[WhiteElo "2321"]
[BlackElo "2383"]
[WhiteFideId "-1"]
[WhiteFideId "-1"]
[PlyCount "82"]
[GameId "2130307560059357"]
[EventDate "2023.05.20"]
[EventType "tourn"]
[EventRounds "9"]
[EventCountry "YUG"]
[EventCategory "1"]
[SourceTitle "10 Days #724"]
[Source "ChessMix"]
[SourceDate "2023.06.01"]
[SourceVersion "1"]
[SourceVersionDate "2023.06.01"]
[SourceQuality "1"]

1. e4 c5 2. Nf3 e6 3. b3 a6 4. Bb2 Nc6 5. c4 Nf6 6. e5 Ng4 7. h3 Nh6 8. g4 Be7 9. Bg2 f6 10. exf6 Bxf6 11. Bxf6 Qxf6 12. Nc3 O-O 13. O-O Nf7 14. Ne4 Qe7 15. d4 d6 16. dxc5 dxc5 17. Qd2 Bd7 18. Qe3 b6 19. Rfe1 Rad8 20. Nc3 Bc8 21. Rad1 Nh8 22. Qe4 Rxd1 23. Rxd1 Bb7 24. Ne5 Nxe5 25. Qxb7 Qh4 26. Qxb6 Qxf2+ 27. Kh1 Qc2 28. Rd8 Qxc3 29. Rxf8+ Kxf8 30. Qd8+ Kf7 31. Qxh8 Qe1+ 32. Kh2 Qf2 33. Qa8 h6 34. Kh1 Qe1+ 35. Kh2 Qf2 36. Kh1 Qxa2 37. Qa7+ Kf6 38. Qxc5 Qxb3 39. Qf2+ Ke7 40. Qc5+ Kf6 41. Qf2+ Ke7 1/2-1/2

[Event "Ostravsky Konik-A"]
[Site "Ostrava CZE"]
[Date "2023.05.07"]
[Round "2.7"]
[White "Meers, Hubert"]
[Black "Ivanov, Mike"]
[Result "0-1"]
[WhiteElo "2125"]
[BlackElo "2321"]
[WhiteFideId "-1"]
[WhiteFideId "-1"]
[PlyCount "154"]
[GameId "2130307560397375"]
[EventDate "2023.05.06"]
[EventType "swiss"]
[EventRounds "9"]
[EventCountry "CZE"]
[SourceTitle "10 Days #723"]
[Source "ChessMix"]
[SourceDate "2023.05.20"]
[SourceVersion "1"]
[SourceVersionDate "2023.05.20"]
[SourceQuality "1"]

1. e4 e6 2. d4 d5 3. Nd2 c5 4. exd5 exd5 5. Bb5+ Nc6 6. Ngf3 cxd4 7. O-O Bd6 8. Nb3 Nge7 9. h3 O-O 10. Nbxd4 Bc7 11. Bg5 f6 12. Be3 a6 13. Ba4 Qd6 14. c3 Nf5 15. Re1 Nfxd4 16. Bxd4 Bf5 17. Bc2 Nxd4 18. cxd4 Bd7 19. Re3 Rae8 20. Qd3 g6 21. Rae1 Rxe3 22. Rxe3 Rc8 23. Qd2 Bb8 24. Rc3 Kg7 25. Rxc8 Bxc8 26. Qe3 Bd7 27. Bd3 a5 28. Qe2 Bc7 29. Bb5 Bf5 30. Bd3 Be6 31. a3 Kf7 32. Qd2 Qf4 33. Qxf4 Bxf4 34. a4 h5 35. Kf1 g5 36. b3 Bc1 37. Ne1 f5 38. Ke2 Bb2 39. Nc2 f4 40. f3 Kf6 41. Kd2 g4 42. hxg4 hxg4 43. Be2 gxf3 44. Bxf3 Ke7 45. Be2 Bf5 46. Bf3 Kd6 47. Ne1 Bxd4 48. Nd3 Be5 49. Ke2 b6 50. Kd2 Ke6 51. Ke2 Kd6 52. Kd2 Be6 53. Kc2 Bf7 54. Bg4 Bg8 55. Bf5 Be6 56. Bxe6 Kxe6 57. Ne1 Kf5 58. Kd3 Kg4 59. Nf3 Bf6 60. Ng1 Kf5 61. Ne2 Bb2 62. Ng1 Ba1 63. Ne2 Be5 64. Nc1 Ba1 65. Ne2 Ke5 66. Ng1 Bb2 67. Ne2 Ba3 68. Nd4 Bc5 69. Ne2 Bf2 70. Nc3 Bg1 71. Ne2 Bc5 72. Nc3 Bf2 73. Ne2 d4 74. b4 Be3 75. bxa5 bxa5 76. g4 f3 77. Ng3 Kf4 0-1

[Event "Ostravsky Konik-A"]
[Site "Ostrava CZE"]
[Date "2023.05.08"]
[Round "3.5"]
[White "Ivanov, Mike"]
[Black "Lys, Josef"]
[Result "1-0"]
[WhiteElo "2321"]
[BlackElo "2041"]
[WhiteFideId "-1"]
[WhiteFideId "-1"]
[PlyCount "148"]
[GameId "2130307560397381"]
[EventDate "2023.05.06"]
[EventType "swiss"]
[EventRounds "9"]
[EventCountry "CZE"]
[SourceTitle "10 Days #723"]
[Source "ChessMix"]
[SourceDate "2023.05.20"]
[SourceVersion "1"]
[SourceVersionDate "2023.05.20"]
[SourceQuality "1"]

1. e4 c5 2. Nf3 Nc6 3. Bb5 g6 4. O-O Bg7 5. c3 Nf6 6. d4 Nxe4 7. d5 Nd6 8. Bd3 Ne5 9. Nxe5 Bxe5 10. Bh6 f5 11. Re1 Bf6 12. Na3 Nf7 13. Be3 b6 14. Rc1 O-O 15. b4 d6 16. f4 Bb7 17. Qb3 Qc8 18. c4 Re8 19. Nb5 Qd7 20. Bf2 a5 21. bxc5 bxc5 22. a4 Ba6 23. Qd1 Kg7 24. Qd2 Bb7 25. Bc2 Nd8 26. Rcd1 Nf7 27. Re6 Reb8 28. h3 h5 29. Qe1 Ba6 30. Bh4 Bxb5 31. cxb5 Ra7 32. Qg3 Nh6 33. Rde1 Qd8 34. Bg5 Qf8 35. R1e3 Rc8 36. Kf1 c4 37. Qh4 Rc5 38. Bxf6+ exf6 39. Qe1 Ng8 40. Qd1 Re7 41. Qd4 Rxe6 42. Rxe6 Qb8 43. Qd1 h4 44. Qe1 Kf7 45. Qxh4 Rxd5 46. Re2 Kg7 47. Qe1 Rc5 48. Re8 Rc8 49. Rxc8 Qxc8 50. Qxa5 Qc5 51. Qd8 Qd4 52. g3 Qd2 53. Qc7+ Kh6 54. Qxc4 d5 55. Qe2 Qb4 56. Kg2 d4 57. g4 Ne7 58. gxf5 Nxf5 59. Bxf5 gxf5 60. Qd1 Qc3 61. b6 Qb2+ 62. Kf1 Qxb6 63. Qd3 Kg6 64. h4 Qc5 65. Ke2 Qd5 66. Kd1 Kh5 67. Qb5 Qh1+ 68. Kd2 Kg4 69. a5 Qa1 70. a6 Qc3+ 71. Ke2 Qc2+ 72. Kf1 d3 73. a7 Kg3 74. Qb6 Qd1# 1-0

[Event "Ostravsky Konik-A"]
[Site "Ostrava CZE"]
[Date "2023.05.10"]
[Round "5.6"]
[White "Ivanov, Mike"]
[Black "Chinguun, Bayaraa"]
[Result "1-0"]
[WhiteElo "2321"]
[BlackElo "2195"]
[WhiteFideId "-1"]
[WhiteFideId "-1"]
[PlyCount "65"]
[GameId "2130307560397398"]
[EventDate "2023.05.06"]
[EventType "swiss"]
[EventRounds "9"]
[EventCountry "CZE"]
[SourceTitle "10 Days #723"]
[Source "ChessMix"]
[SourceDate "2023.05.20"]
[SourceVersion "1"]
[SourceVersionDate "2023.05.20"]
[SourceQuality "1"]

1. e4 c5 2. Ne2 d6 3. g3 Nc6 4. Bg2 g6 5. c3 Bg7 6. d4 Bg4 7. f3 Bd7 8. d5 Na5 9. O-O b5 10. f4 Qb6 11. Nd2 f5 12. Kh1 Rb8 13. b3 Nh6 14. e5 Ng4 15. e6 Bc8 16. Nf3 b4 17. h3 Nf6 18. Rb1 bxc3 19. Nxc3 Ba6 20. Re1 O-O 21. Qc2 Bb7 22. Rd1 Ba6 23. Bd2 Nb7 24. Kh2 Rfc8 25. Be1 Bb5 26. Nd2 Na5 27. Nc4 Bxc4 28. bxc4 Qa6 29. Nb5 Rb6 30. Rd3 Rxb5 31. Rxb5 Nb7 32. Qc1 Qxa2 33. Rxb7 1-0

[Event "Ostravsky Konik-A"]
[Site "Ostrava CZE"]
[Date "2023.05.12"]
[Round "7.2"]
[White "Ivanov, Mike"]
[Black "Jarmula, Lukasz"]
[Result "1/2-1/2"]
[WhiteElo "2321"]
[BlackElo "2439"]
[WhiteFideId "-1"]
[WhiteFideId "-1"]
[PlyCount "39"]
[GameId "2130307560401506"]
[EventDate "2023.05.06"]
[EventType "swiss"]
[EventRounds "9"]
[EventCountry "CZE"]
[SourceTitle "10 Days #723"]
[Source "ChessMix"]
[SourceDate "2023.05.20"]
[SourceVersion "1"]
[SourceVersionDate "2023.05.20"]
[SourceQuality "1"]

1. e4 d6 2. d4 Nf6 3. Nc3 e5 4. Nf3 exd4 5. Nxd4 Be7 6. g3 d5 7. e5 Ng4 8. e6 Nf6 9. exf7+ Kxf7 10. Bg2 c6 11. O-O Re8 12. Bf4 Na6 13. Re1 Bg4 14. Qd2 Qd7 15. Nf3 Bxf3 16. Bxf3 Bd6 17. Bxd6 Qxd6 18. Ne4 Nxe4 19. Bxe4 Kg8 20. Bg2 1/2-1/2

[Event "Ostravsky Konik-A"]
[Site "Ostrava CZE"]
[Date "2023.05.13"]
[Round "8.1"]
[White "Ivanov, Mike"]
[Black "Rohith, Krishna S"]
[Result "1/2-1/2"]
[WhiteElo "2321"]
[BlackElo "2385"]
[WhiteFideId "-1"]
[WhiteFideId "-1"]
[PlyCount "207"]
[GameId "2130307560401513"]
[EventDate "2023.05.06"]
[EventType "swiss"]
[EventRounds "9"]
[EventCountry "CZE"]
[SourceTitle "10 Days #723"]
[Source "ChessMix"]
[SourceDate "2023.05.20"]
[SourceVersion "1"]
[SourceVersionDate "2023.05.20"]
[SourceQuality "1"]

1. e4 e5 2. Nf3 Nc6 3. Bb5 a6 4. Bxc6 dxc6 5. Nc3 f6 6. d4 exd4 7. Qxd4 Qxd4 8. Nxd4 c5 9. Nde2 Bd6 10. Bf4 Bxf4 11. Nxf4 Bd7 12. O-O-O O-O-O 13. Rd2 Ne7 14. Rhd1 Nc6 15. f3 Rhf8 16. Rd5 b6 17. h4 Rf7 18. R5d2 Re8 19. Ncd5 Ne5 20. Ne3 g6 21. h5 g5 22. Nd3 g4 23. Nxe5 Rxe5 24. Nxg4 Bxg4 25. fxg4 Rxe4 26. Rd8+ Kb7 27. R1d7 Rxd7 28. Rxd7 Rxg4 29. Rxh7 Rxg2 30. Rf7 Rh2 31. Rxf6 Rxh5 32. b3 b5 33. Kb2 Rh4 34. Rf5 Kb6 35. Rf6+ c6 36. Rf8 a5 37. a3 c4 38. b4 a4 39. Rf7 Rh3 40. c3 Rh2+ 41. Kb1 Rd2 42. Rh7 Rd8 43. Kc2 Rb8 44. Rg7 Rh8 45. Rf7 Rh2+ 46. Kb1 Rh6 47. Kc2 Rd6 48. Rh7 c5 49. bxc5+ Kxc5 50. Rh8 Re6 51. Rd8 Re2+ 52. Kb1 Kc6 53. Rd4 Rf2 54. Rd8 Kc5 55. Rd7 Rf5 56. Kc2 Rf1 57. Rd8 Ra1 58. Kb2 Re1 59. Kc2 Kc6 60. Kb2 Rf1 61. Rd4 Rg1 62. Kc2 Rg2+ 63. Kb1 Rg3 64. Kc2 Rf3 65. Rd8 Kc7 66. Rd5 Kb6 67. Rd8 Rf5 68. Rd6+ Kb7 69. Rd8 Rf3 70. Rd5 Kc6 71. Rd8 Rf5 72. Rd4 Kb7 73. Rd7+ Kb6 74. Rd8 Kc5 75. Rd7 Rd5 76. Rh7 Kd6 77. Rh6+ Ke5 78. Rh5+ Ke4 79. Rh4+ Kf3 80. Rh3+ Kg2 81. Rh8 Rf5 82. Rg8+ Kf1 83. Re8 Rf2+ 84. Kc1 Ra2 85. Re5 Rxa3 86. Rxb5 Ke2 87. Kc2 Ra2+ 88. Kb1 Rd2 89. Kc1 Rd6 90. Kc2 Ra6 91. Re5+ Kf3 92. Kb2 Kf4 93. Rc5 a3+ 94. Ka2 Ra4 95. Rd5 Ke4 96. Rd8 Ke3 97. Rd7 Ra8 98. Rd4 Ra4 99. Rd8 Ke2 100. Rd4 Kf2 101. Re4 Kf3 102. Re8 Ra7 103. Rc8 Ra4 104. Re8 1/2-1/2

[Event "Sunway Formentera op"]
[Site "Sant Ferran de ses Roques ESP"]
[Date "2023.04.18"]
[Round "1.8"]
[White "Xu, Xiangyu"]
[Black "Ivanov, Mike"]
[Result "1-0"]
[WhiteElo "2587"]
[BlackElo "2288"]
[WhiteFideId "-1"]
[WhiteFideId "-1"]
[PlyCount "85"]
[GameId "2130307561093530"]
[EventDate "2023.04.18"]
[EventType "swiss"]
[EventRounds "10"]
[EventCountry "ESP"]
[SourceTitle "The Week in Chess 1485"]
[Source "Mark Crowther"]
[SourceDate "2023.04.24"]
[SourceVersion "1"]
[SourceVersionDate "2023.04.24"]
[SourceQuality "2"]

1. d4 Nf6 2. c4 c5 3. Nf3 cxd4 4. Nxd4 e5 5. Nb5 d5 6. cxd5 Bc5 7. d6 O-O 8. Nc7 Ne4 9. e3 Bb4+ 10. Nd2 Qf6 11. f3 Bxd2+ 12. Bxd2 Qh4+ 13. g3 Nxg3 14. hxg3 Qxg3+ 15. Ke2 e4 16. Bc3 Rd8 17. Qd4 exf3+ 18. Kd2 Rxd6 19. Nd5 Be6 20. e4 Nc6 21. Qg1 Qxg1 22. Rxg1 g6 23. Ke3 Bxd5 24. exd5 Re8+ 25. Kxf3 Rxd5 26. Rg3 Nd4+ 27. Kf2 Rf5+ 28. Kg2 Rf4 29. Rd3 Nf5 30. Re1 Rg4+ 31. Kh2 Rh4+ 32. Bh3 Rc8 33. Red1 Kf8 34. Bf6 Re4 35. Bxf5 gxf5 36. Rd8+ Re8 37. Rxc8 Rxc8 38. Kg3 Kg8 39. Kf4 h6 40. Kxf5 Rc5+ 41. Be5 Kf8 42. b4 Rc6 43. Bf6 1-0

[Event "Sunway Formentera op"]
[Site "Sant Ferran de ses Roques ESP"]
[Date "2023.04.19"]
[Round "2.25"]
[White "Ivanov, Mike"]
[Black "Varela La Madrid, Tilsia Carolina"]
[Result "1-0"]
[WhiteElo "2288"]
[BlackElo "2078"]
[WhiteFideId "-1"]
[WhiteFideId "-1"]
[PlyCount "77"]
[GameId "2130307561097648"]
[EventDate "2023.04.18"]
[EventType "swiss"]
[EventRounds "10"]
[EventCountry "ESP"]
[SourceTitle "The Week in Chess 1485"]
[Source "Mark Crowther"]
[SourceDate "2023.04.24"]
[SourceVersion "1"]
[SourceVersionDate "2023.04.24"]
[SourceQuality "2"]

1. e4 e5 2. Nf3 Nc6 3. Nc3 Nf6 4. Bb5 Bb4 5. O-O O-O 6. d3 Bxc3 7. bxc3 d6 8. Bg5 Qe7 9. Re1 a6 10. Bxc6 bxc6 11. d4 h6 12. Bh4 Bg4 13. Qd3 Qe6 14. h3 Bxf3 15. Qxf3 Nd7 16. Qd3 Rfb8 17. Bg3 a5 18. f4 exf4 19. Bxf4 Rb2 20. Bc1 Rbb8 21. Bd2 Nb6 22. Re2 Re8 23. e5 Nc4 24. Bf4 dxe5 25. Rae1 Rad8 26. Qg3 Rd5 27. Bxe5 Nxe5 28. Rxe5 Rxe5 29. Rxe5 Qd7 30. Rxe8+ Qxe8 31. Qxc7 Qe6 32. a4 Qe4 33. Qe5 Qg6 34. Qxa5 Qxc2 35. Qa8+ Kh7 36. Qxc6 Qc1+ 37. Kf2 Qd2+ 38. Kg3 f5 39. Qf3 1-0

[Event "Sunway Formentera op"]
[Site "Sant Ferran de ses Roques ESP"]
[Date "2023.04.20"]
[Round "3.17"]
[White "Zhao, Yuanhe"]
[Black "Ivanov, Mike"]
[Result "1-0"]
[WhiteElo "2447"]
[BlackElo "2288"]
[WhiteFideId "-1"]
[WhiteFideId "-1"]
[PlyCount "143"]
[GameId "2130307561097660"]
[EventDate "2023.04.18"]
[EventType "swiss"]
[EventRounds "10"]
[EventCountry "ESP"]
[SourceTitle "The Week in Chess 1485"]
[Source "Mark Crowther"]
[SourceDate "2023.04.24"]
[SourceVersion "1"]
[SourceVersionDate "2023.04.24"]
[SourceQuality "2"]

1. Nf3 Nf6 2. g3 b6 3. Bg2 Bb7 4. c4 g6 5. d4 Bg7 6. O-O O-O 7. d5 Na6 8. Nc3 Nc5 9. Qc2 a5 10. Rd1 d6 11. Rb1 e5 12. b3 Bc8 13. Ne1 e4 14. h3 h5 15. Be3 Bf5 16. Qd2 Qd7 17. Kh2 Qe7 18. Nb5 Ne8 19. Nc2 Bd7 20. Ncd4 f5 21. h4 Qf7 22. a3 Bxb5 23. Nxb5 a4 24. b4 Nb3 25. Qc2 Nf6 26. f3 Rfe8 27. Re1 Re7 28. Bg5 Rae8 29. Bxf6 Qxf6 30. f4 e3 31. Rxb3 axb3 32. Qxb3 Ra8 33. Rb1 Kf8 34. c5 bxc5 35. bxc5 Rb8 36. c6 Qf7 37. a4 Bd4 38. Qd3 Bb6 39. a5 Bxa5 40. Nxd6 cxd6 41. Rxb8+ Re8 42. Rb7 Bc7 43. Qd4 Kg8 44. Bf3 Re7 45. Rb3 Qe8 46. Qa7 Kg7 47. Bh1 Kg8 48. Kg2 Kf8 49. Kf3 Qf7 50. Qd4 Re4 51. Qh8+ Ke7 52. Rd3 Bd8 53. Kg2 Qf6 54. Qxf6+ Kxf6 55. Kf3 Ke7 56. Rxe3 Rxe3+ 57. Kxe3 Bb6+ 58. Kf3 Ba5 59. Bg2 Be1 60. Bf1 Kd8 61. e3 Ke7 62. Bd3 Ba5 63. e4 fxe4+ 64. Bxe4 Kf6 65. g4 hxg4+ 66. Kxg4 Bd8 67. f5 gxf5+ 68. Bxf5 Kg7 69. h5 Kf6 70. h6 Ba5 71. h7 Kg7 72. Bg6 1-0

[Event "Sunway Formentera op"]
[Site "Sant Ferran de ses Roques ESP"]
[Date "2023.04.24"]
[Round "6.20"]
[White "Ivanov, Mike"]
[Black "Southcott-Moyers, Indy"]
[Result "1/2-1/2"]
[WhiteElo "2288"]
[BlackElo "2112"]
[WhiteFideId "-1"]
[WhiteFideId "-1"]
[PlyCount "118"]
[GameId "2130307561101787"]
[EventDate "2023.04.18"]
[EventType "swiss"]
[EventRounds "10"]
[EventCountry "ESP"]
[SourceTitle "The Week in Chess 1485"]
[Source "Mark Crowther"]
[SourceDate "2023.04.24"]
[SourceVersion "1"]
[SourceVersionDate "2023.04.24"]
[SourceQuality "2"]

1. e4 e5 2. Nf3 Nc6 3. Bb5 a6 4. Bxc6 dxc6 5. O-O Bg4 6. h3 h5 7. d3 Qf6 8. Be3 Bxf3 9. Qxf3 Qxf3 10. gxf3 Bd6 11. Nd2 Ne7 12. Nc4 f6 13. Rfd1 c5 14. c3 Kf7 15. d4 cxd4 16. cxd4 Rhd8 17. d5 Rd7 18. Rac1 a5 19. a4 g5 20. Nxd6+ cxd6 21. Rd3 Ng6 22. Rb3 Nh4 23. Bd2 f5 24. Kf1 Rg8 25. Bxa5 Ra8 26. Rc7 Ke8 27. Rxd7 Kxd7 28. Bd2 fxe4 29. Rxb7+ Kc8 30. Rb4 Nxf3 31. Bc3 g4 32. hxg4 Nh2+ 33. Kg2 Nxg4 34. Rxe4 Nf6 35. Rc4+ Kd7 36. a5 Nxd5 37. Bd2 Rc8 38. Rxc8 Kxc8 39. Kg3 Nf6 40. f3 d5 41. Bg5 Ne8 42. Kh4 Ng7 43. Bf6 Nf5+ 44. Kxh5 e4 45. fxe4 dxe4 46. Bc3 Nd6 47. Kg4 Nc4 48. b3 Ne3+ 49. Kg5 Ng2 50. Kg4 Ne3+ 51. Kg5 Ng2 52. Kg4 Ne3+ 53. Kh3 Kb7 54. Bd2 Nd5 55. Kg4 Ka6 56. Kf5 e3 57. Be1 Ne7+ 58. Ke4 Nc6 59. b4 Nxb4 1/2-1/2

[Event "Sunway Formentera op"]
[Site "Sant Ferran de ses Roques ESP"]
[Date "2023.04.25"]
[Round "7.20"]
[White "Jacobson, Aaron"]
[Black "Ivanov, Mike"]
[Result "1/2-1/2"]
[WhiteElo "2280"]
[BlackElo "2288"]
[WhiteFideId "-1"]
[WhiteFideId "-1"]
[PlyCount "130"]
[GameId "2130307561101798"]
[EventDate "2023.04.18"]
[EventType "swiss"]
[EventRounds "10"]
[EventCountry "ESP"]
[SourceTitle "The Week in Chess 1486"]
[Source "Mark Crowther"]
[SourceDate "2023.05.01"]
[SourceVersion "1"]
[SourceVersionDate "2023.05.01"]
[SourceQuality "2"]

1. d4 Nf6 2. c4 g6 3. Nc3 Bg7 4. e4 d6 5. f4 O-O 6. Nf3 c5 7. d5 e6 8. Be2 exd5 9. cxd5 Bg4 10. O-O Nbd7 11. h3 Bxf3 12. Bxf3 Re8 13. g4 h6 14. Qc2 c4 15. Be3 b5 16. Rad1 a6 17. Rfe1 Rc8 18. Bf2 Nh7 19. e5 dxe5 20. f5 e4 21. fxg6 fxg6 22. Bxe4 Ng5 23. Kg2 Nxe4 24. Rxe4 b4 25. Rxe8+ Qxe8 26. Ne4 b3 27. axb3 cxb3 28. Qd3 Rc2 29. Rd2 Qe5 30. Rxc2 bxc2 31. Qxc2 Qxd5 32. Kh2 Ne5 33. Be3 Kh7 34. b3 a5 35. Kg1 Nd3 36. Nd2 Qd6 37. Ne4 Qd5 38. Nd2 Qd8 39. Qc4 Ne5 40. Qe4 Qh4 41. Bf4 Nd7 42. Kg2 Qf6 43. Be3 Qc3 44. Kf3 Nf6 45. Qc4 Qe5 46. Bf4 Qe1 47. Qf1 Qe6 48. Qc4 Qd7 49. Kg2 Nd5 50. Nf3 Bc3 51. Qe4 Qb7 52. Be5 Qxb3 53. Bxc3 Nxc3 54. Qe7+ Kg8 55. Qe8+ Kg7 56. Qe7+ Qf7 57. Qe5+ Qf6 58. Qc7+ Kg8 59. Qc8+ Kh7 60. Qc7+ Qg7 61. Qxa5 Ne4 62. Qb4 Ng5 63. Nxg5+ hxg5 64. Qb5 Qe7 65. Qd3 Qe5 1/2-1/2